| 000 | 00644nam a2200205Ia 4500 | ||
|---|---|---|---|
| 003 | GCL | ||
| 008 | 140319s9999 xx 000 0 ara d | ||
| 040 |
_aGCL / _cGCL |
||
| 082 | 0 | 4 |
_a398.245 _bب ك |
| 100 | 1 | _aابن المقفع : ابومحمد عبدالله | |
| 245 | 1 | 0 |
_aكليلة و دمنة / _cابن المقفع : ابومحمد عبدالله |
| 700 | 1 | _aطه حسين | |
| 700 | 1 | _aعبدالوهاب عزام | |
| 250 | _aالثالثة | ||
| 260 |
_aالقاهرة : _bدار المعارف |
||
| 300 |
_a305 ص ؛ _c24 سم |
||
| 650 | 0 | 4 | _aالادب العربى |
| 650 | 0 | 4 | _aكليلة ودمنة |
| 942 |
_2ddc _cBK |
||
| 999 |
_c5058 _d5058 |
||